Etica y probidad en el poder legislativo /
Kaydedildi:
| Yazar: | |
|---|---|
| Materyal Türü: | Metin |
| Konular: | |
| Etiketler: |
Etiketle
Etiket eklenmemiş, İlk siz ekleyin!
|
MARC
| LEADER | 00000 a a2200000 04500 | ||
|---|---|---|---|
| 001 | 17172 | ||
| 003 | |||
| 040 | |||
| 100 | |a Solís Fallas, Ottón | ||
| 245 | |a Etica y probidad en el poder legislativo / |c Ottón Solís Fallas | ||
| 650 | |a GOBIERNO | ||
| 650 | |a GOBERNABILIDAD | ||
| 650 | |a PODER POLITICO | ||
| 650 | |a PODER LEGISLATIVO | ||
| 650 | |a ETICA | ||
| 773 | |g volumen 8, número 2; páginas 219-255 | ||
| 999 | |c 39050 |d 39050 | ||
